00527pab a2200169 454500008004000000100002000040245005400060260000900114300001300123362001000136650002000146650002100166773003400187909001100221999001900232952010600251180718b2015 xxu||||| |||| 00| 0 eng d aThomas, Alex M. aEconomic survey 2014-15: growth policy and theory c2015 ap.62-65. a8 Aug aEconomic growth aEconomic surveys aEconomic and Political Weekly a108693 c108688d108688 00104070aIIPAbIIPAd2018-07-19hVolume no: 50, Issue no: 32pAR109153r2018-07-19w2018-07-19yAR